| 000 | 00643cam a22002172 4500 | ||
|---|---|---|---|
| 001 | 0000004591 | ||
| 005 | 20151217145818.0 | ||
| 008 | 070525s xx 000 0 eng d | ||
| 020 |
_a069714187X : _cKES 500 |
||
| 040 |
_aKABU _cKABU |
||
| 050 | 0 |
_aQH308.2 _b.L48 |
|
| 100 | 1 |
_aLewis, Ricki. _@0000155225 |
|
| 245 | 1 | 0 |
_aLife : _bbeginning of animal life, plant life, behaviour and ecology of life. |
| 260 |
_aDebuque, IA : _bWm C. Brown, _c1992. |
||
| 300 | _a760 p. | ||
| 650 | 0 |
_aBiology. _@0000003707 |
|
| 650 | 0 |
_aHuman biology. _@0000155214 |
|
| 908 | _a070525 | ||
| 950 | _@1 | ||
| 999 |
_c2801 _d2801 |
||